Statistics for Chinese Subdivision Topological Map

Click here to take the quiz!

General Stats

  • This quiz has been taken 9 times
    (8 since last reset)
  • The average score is 18 of 34

Answers on the Map

Answers color-coded by a green-red scale on the quiz's map according to % correct below.
 

Answer Stats

Answer% Correct
Taiwan
台灣
100%
Hainan
海南
71%
Hong Kong
香港
71%
Inner Mongolia
内蒙古
71%
Shanghai
上海
71%
Tianjin
天津
71%
Tibet
西藏
71%
Xinjiang
新疆
71%
Beijing
北京
57%
Chongqing
重庆
57%
Gansu
甘肃
57%
Hebei
河北
57%
Heilongjiang
黑龙江
57%
Jilin
吉林
57%
Liaoning
辽宁
57%
Macao
澳門
57%
Ningxia
宁夏
57%
Qinghai
青海
57%
Sichuan
四川
57%
Fujian
福建
43%
Guangdong
广东
43%
Guangxi
广西
43%
Guizhou
贵州
43%
Hubei
湖北
43%
Hunan
湖南
43%
Shaanxi
陕西
43%
Shandong
山东
43%
Shanxi
山西
43%
Yunnan
云南
43%
Zhejiang
浙江
43%
Anhui
安徽
29%
Henan
河南
29%
Jiangsu
江苏
29%
Jiangxi
江西
29%

Score Distribution

Percentile by Number Answered

Percent of People with Each Score

Your Score History

You have not taken this quiz since the last reset